| 000 | 01801cam a22003611 4500 | ||
|---|---|---|---|
| 001 | 000014831 | ||
| 005 | 20200929163915.0 | ||
| 008 | 780116s1969 sp b 000 0 lat | ||
| 010 | _a75295156 | ||
| 040 |
_aDO-SdBNP _cDLC _dDLC |
||
| 041 | 1 | _alatspalat | |
| 043 |
_acl----- _ae-sp--- _an------ |
||
| 050 | 0 | 0 |
_aF1411 _b.C476 |
| 100 | 1 |
_aCasas, Bartolome de las, _d1474-1566. _921128 |
|
| 240 | 1 | 0 |
_aDe regia potestate. _lSpanish & Latin |
| 245 | 1 | 0 |
_aDe regia potestate; / _co Derecho de autodeterminacion. |
| 250 |
_aEdicion critica bilingue _bpor Luciano Perena [et al.] |
||
| 260 |
_aMadrid, : _bConsejo Superior de Investigaciones Cientificas, _c1969. |
||
| 300 |
_aclvii, 316 (i.e. 431) p. ; _c22 cm. |
||
| 440 | 0 |
_aCorpus Hispanorum de pace, _vv. 8 _915705 |
|
| 500 | _aOpposite pages, p. [1]-115, numbered in duplicate. | ||
| 500 | _aLatin text with Spanish translation by Vidal Abril Castello of Erudita et elegans explicatio quaestionis: utrum reges vel principes jure aliquo vel titulo, et salva conscientia, cives ac subditos a regia corona alienare et alterius domini particularis ditioni subjicere possint? | ||
| 504 | _a"Apendices" (p. [117]-292) contain writings of Las Casas and other documents in Spanish, Latin, or Italian on the system of encomiendas. | ||
| 504 | _aBibliography: p. [305]-311. | ||
| 651 | 0 |
_aLatin America _xHistory _yTo 1600. _933595 |
|
| 651 | 0 |
_aSpain _xColonies _zAmerica _xAdministration _vEarly works to 1800. _933596 |
|
| 650 | 0 |
_aKings and rulers _xDuties _vEarly works to 1800. _933597 |
|
| 650 | 0 |
_aHuman rights _zLatin America _vEarly works to 1800. _933598 |
|
| 650 | 0 |
_aPolitical rights _zLatin America _vEarly works to 1800. _933599 |
|
| 700 | 1 |
_aPerena, Luciano, _d1920- _eed. _933600 |
|
| 910 | _aCatalogación por copia / LC | ||
| 350 | _a450.00 | ||
| 999 |
_c14411 _d14411 |
||